Sports Quiz

Random Sports or MLB Quiz
Score 0/16 Timer 05:00
0 Plays Today
Player Team % Correct
Wade Boggs - 3000 hitsTampa Bay Devil Rays
96.3%
Tom Glavine - 300 winsNew York Mets
91.7%
Frank Thomas - 500 HRToronto Blue Jays
89.9%
Greg Maddux - 300 winsChciago Cubs
87.2%
Reggie Jackson - 500 HRCalifornia Angels
85.3%
Jim Thome - 500 HRChicago White Sox
85.3%
Randy Johnson - 300 winsSan Francisco Giants
76.1%
Dave Winfield - 3000 hitsMinnesota Twins
74.3%
Player Team % Correct
Eddie Murray - 3000 hitsCleveland Indians
74.3%
Rickey Henderson - 3000 hitsSan Diego Padres
71.6%
Pete Rose - 4000 hitsMontreal Expos
68.8%
Tom Seaver - 300 winsChicago White Sox
65.1%
Gary Sheffield - 500 HRNew York Mets
61.5%
Don Sutton - 300 winsCalifornia Angels
54.1%
Gaylord Perry - 300 winsSeattle Mariners
46.8%
Eddie Mathews - 500 HRHouston Astros
39.4%
Remove Ads.
Support Sporcle.
Get the best of Sporcle when you Go Orange. This ad-free experience offers more features, more stats, and more fun while also helping to support Sporcle. Thank you for becoming a member.

You're not logged in!

Compare scores with friends on all Sporcle quizzes.
OR
Log In

Show Comments

Extras

Created Jan 16, 2015ReportNominate
Tags:MLB Quiz, milestone, Player, team

Top Quizzes Today


Score Distribution

Your Account Isn't Verified!

In order to create a playlist on Sporcle, you need to verify the email address you used during registration. Go to your Sporcle Settings to finish the process.

Report this User

Report this user for behavior that violates our Community Guidelines.

Details: